| 000 | 01013nam a2200301 a 4500 | ||
|---|---|---|---|
| 001 | vtls001429013 | ||
| 003 | NLI | ||
| 005 | 20210627115107.0 | ||
| 008 | 121129s1997 ii 000 p urd | ||
| 020 | _cRs. 80.00 | ||
| 039 | 9 |
_y201211291707 _zVLOAD |
|
| 040 |
_aNLI _burdeng _cDatasoft_Urdu _eAACR2 |
||
| 041 | 0 | _aurd | |
| 044 | _a ii | ||
| 082 | 0 | 4 | _a 891.431 |
| 100 | 0 |
_6880-01 _aرام پرکاش راہی _9694156 |
|
| 245 | 1 | 0 |
_6880-02 _aحقیقت منتظر _bشعری مجموعہ _cرام پرکاش راہی |
| 260 |
_aنئ دھلی _bکیپیٹل آفسیٹ پریس _c1997 |
||
| 300 |
_a176 p. _c22 cm. |
||
| 650 | 0 | _aUrdu poetry | |
| 880 | 1 | 0 |
_6245-02 (B _aHaqiqat Muntazar _bsh'ri majmu'a _cRām Parkāsh Rāhī |
| 880 | 0 |
_6100-01 (B _aRām Parkāsh Rāhī |
|
| 887 | _a (Shaiqua) 09.01.2012 - Javed 07.02.2012 | ||
| 901 |
_aUR26285-19089 _b21.07.2008 _11U2945-2946 |
||
| 902 | _aU 891.431R 791 h | ||
| 904 |
_c (Shaiqua) 09.01.2012 - Javed 07.02.2012 _lU2945-2946 |
||
| 942 |
_2ddc _cBKS |
||
| 999 |
_c872012 _d872012 |
||